| 000 | 00979nas a2200313 4500 | ||
|---|---|---|---|
| 001 | BR0806992 | ||
| 003 | BR-BrBNA | ||
| 005 | 20231205112231.0 | ||
| 007 | ta | ||
| 008 | 230509b bl.|||p| |||| 00| 00por d | ||
| 040 |
_aBR-BrBNA _bpor _cBiblioteca Nacional de Agricultura |
||
| 041 | _a(Pt) | ||
| 072 | _aF03; F01 | ||
| 100 | 1 | _aOliveira, J.A. | |
| 100 | 1 | _aGuimarães, R.M. | |
| 100 | 1 | _aRosa, Sttela D.V.F. da | |
| 245 | 1 | _aProcessamento de sementes pós-colheita | |
| 650 | _aPRODUÇÃO DE SEMENTES | ||
| 650 | _aCONTROLE GENÉTICO VEGETAL | ||
| 650 | _aCONTROLE DE QUALIDADE | ||
| 650 | _aPÓS-COLHEITA | ||
| 650 | _aNORMALIZAÇÃO | ||
| 650 | _aTEOR DE HUMIDADE | ||
| 650 | _aREVESTIMENTO VEGETAL | ||
| 650 | _aSECAGEM | ||
| 773 | 0 |
_tInforme Agropecuário - Empresa de Pesquisa Agropecuária de Minas Gerais (Brazil) _xISSN 0100-3364 _g(May-Jun 2006), v. 27(232) p. 59-69 _wBR0806992 |
|
| 909 |
_a202311 _bLúcia _c55 _dLúcia Elande |
||
| 942 |
_2AGRIS _n0 _cANA |
||
| 999 |
_c196890 _d196890 |
||